00317nam a2200121Ia 4500008004100000041000800041082001900049100001500068245002600083260004300109300003200152365001100184240624s9999 xx 000 0 und d aeng a343.099954 SOO aSOOD VIVEK aCYBER LAWS SIMPLIFIED c2007aNew DelhibMcGraw-Hill Education axxiv, : 598 : p. : cm. ; 25 cRSb35